| 000 | 00810nam a2200253 a 4500 | ||
|---|---|---|---|
| 001 | BRL_1062 | ||
| 005 | 20190320211022.0 | ||
| 008 | 061113s1939----mx-a######---#000-0#spa-# | ||
| 041 | _aspa | ||
| 044 | _amx | ||
| 050 | 4 |
_aNK5000 _b.L4 1939 |
|
| 100 | 1 |
_aLeón, Francisco de P. _d1868-1932 _925713 |
|
| 245 | 1 | 0 |
_aLos esmaltes de uruapan. ed. de su manuscrito fechado en morelia el año de 1922 _cpor el Profesor Francisco de P. León. |
| 260 |
_aMéxico _bDAPP _c1939 |
||
| 300 |
_aviii, 123 p. _bil. a color, 52 láminas _c28 cm. |
||
| 500 | _aIncluye apéndice de láminas | ||
| 500 | _aAu1180 | ||
| 610 | 2 | 4 |
_aGobierno de Uruapan (Michoacán) _914783 |
| 650 | 1 | 4 |
_aEsmalte y esmaltado _914784 |
| 650 | 1 | 4 |
_aArte _zMéxico _925714 |
| 650 | 1 | 4 |
_aUruapan (México) _925715 |
| 902 | _aGRL | ||
| 942 |
_2lcc _cB |
||
| 999 |
_c9874 _d9874 |
||